INVICTUS - L'INVINCIBILE (Record n. 105259)

Dettagli MARC
000 -LEADER
fixed length control field 02386agaaa2200337 4500
001 - CONTROL NUMBER
control field 0583
003 - CONTROL NUMBER IDENTIFIER
control field IT-RoPAU
005 - DATE AND TIME OF LATEST TRANSACTION
control field 20220918181230.0
007 - PHYSICAL DESCRIPTION FIXED FIELD--GENERAL INFORMATION
fixed length control field d cvaizq
008 - FIXED-LENGTH DATA ELEMENTS--GENERAL INFORMATION
fixed length control field 50131s9999||||xx ||| | || ||und||
040 ## - CATALOGING SOURCE
Original cataloging agency IT-RoPAU
Transcribing agency IT-RoPAU
041 ## - LANGUAGE CODE
Language code of text/sound track or separate title ITALIANA
100 ## - MAIN ENTRY--PERSONAL NAME
Personal name Eastwood Clint
Miscellaneous information Codice regista SPICS: 45075
9 (RLIN) 40395
130 ## - MAIN ENTRY--UNIFORM TITLE
Uniform title INVICTUS - L'INVINCIBILE
9 (RLIN) 40396
240 ## - UNIFORM TITLE
Uniform title INVICTUS
Miscellaneous information T3891
245 ## - TITLE STATEMENT
Title INVICTUS - L'INVINCIBILE
Statement of responsibility, etc. Prodotto da: Eastwood C. Lorenz R -- Sceneggiatura: Peckham Anthony -- Diretto da: Eastwood Clint
Name of part/section of a work INVICTUS - L'INVINCIBILE (Rif. Codice opera principale : K0583)
246 ## - VARYING FORM OF TITLE
Title proper/short title INVICTUS
250 ## - EDITION STATEMENT
Edition statement Edizione Standard
260 ## - PUBLICATION, DISTRIBUTION, ETC. (IMPRINT)
Place of publication, distribution, etc. (USA)
Name of publisher, distributor, etc. N.d. / Distribuzione: MAGAZZINO DISP
Date of manufacture "2009 (1° ed.: 2010 ; Ed. Lingua Orig.: 2009)"
300 ## - PHYSICAL DESCRIPTION
Extent DVD
Other physical details sonoro, col.
Dimensions 128 minuti
508 ## - CREATION/PRODUCTION CREDITS NOTE
Creation/production credits note "Fotografia: Stern Tom ; Montaggio: Cox Joel Roach Gary ; Musica: Eastwood Kyle; Sceneggiatura: Peckham Anthony ; Scenografia: Murakami James J. ; "
511 ## - PARTICIPANT OR PERFORMER NOTE
Participant or performer note "Freeman Morgan; Damon Matt; Kgoroge Tony; Mofokeng Patrick; Stern Matt; Andoh Adjoa; "
520 ## - SUMMARY, ETC.
Summary, etc. "PER LA LOTTA EROICA CONTRO L'APARTHEID E' STATO IN PRIGIONE PER 27 ANNI. COSA FA QUINDI NELSON MANDELA DOPO ESSERE STATO ELETTO PRESIDENTE DEL SUDAFRICA CON LIBERE ELEZIONI? RIFIUTA LA VENDETTA, PERDONA I SUOI PERSECUTORI E COLTIVA LA SPERANZA DI RITROVARE L'UNITA' NAZIONALE IN UN LUOGO DAVVERO INUSUALE: UN CAMPO DI RUGBY. INFATTI IL SUDAFRICA SI VEDE ASSEGNATO IL CAMPIONATO MONDIALE DI RUGBY DEL 1995. E SULLA SCENA INTERNAZIONALE RITORNANO GLI SPRINGBOKS, LA NAZIONALE SUDAFRICANA CHE ERA STATA BANDITA DAI CAMPI DI TUTTO IL MONDO A CAUSA DELL'APARTHEID. E MANDELA CHIEDE AL CAPITANO DELLA NAZIONALE DI RUGBY E ALLA SUA SQUADRA DATA PER PERDENTE DI REALIZZARE L'IMPOSSIBILE VINCENDO LA COPPA DEL MONDO. UNA SQUADRA, UNA NAZIONE. RIUSCIRANNO A VINCERE. CONTENUTI EXTRA: MATT DAMON GIOCA A RUGBY, COME TRASFORMARE UNA STAR DI HOLLYWOOD IN UN GIOCATORE DI RUGBY; TRAILER. "
538 ## - SYSTEM DETAILS NOTE
System details note PAL, STEREO
546 ## - LANGUAGE NOTE
Language note ITALIANA
650 ## - SUBJECT ADDED ENTRY--TOPICAL TERM
Topical term or geographic name as entry element DRAMMA - BIOGRAF.
Relator term DVD-FILM [DVD]
General subdivision Codice MATERIA SPICS: 9947
9 (RLIN) 40397
700 ## - ADDED ENTRY--PERSONAL NAME
Personal name Carlin John
Relator term (soggetto)
Miscellaneous information Codice Soggetto SPICS: 60233
9 (RLIN) 40398
700 ## - ADDED ENTRY--PERSONAL NAME
Personal name Eastwood Clint
Relator term (regista)
Miscellaneous information Codice regista SPICS: 45075
9 (RLIN) 40399
700 ## - ADDED ENTRY--PERSONAL NAME
Personal name Eastwood Kyle
Relator term (musica)
Miscellaneous information Codice Musica SPICS: 59798
9 (RLIN) 40400
942 ## - ADDED ENTRY ELEMENTS (KOHA)
Koha item type DVD
Source of classification or shelving scheme Dewey Decimal Classification
Dati di copia
Withdrawn status Lost status Damaged status Not for loan Home library Current library Date acquired Total Checkouts Full call number Date last seen Price effective from Koha item type Public note
    Buone Condizioni Not For Loan SPICS-MEDIATECA SPICS-MEDIATECA 31/01/2015   K0583 31/01/2015 31/01/2015 DVD Progr. Ins.: 3953 / N.Vol.:1 / Copie: 1 / Pag.:0 / Copia rara: n.d. / date import: 1.2.2015 / By Epidotti, Trombetti, Vaglietti
CREDITS: SOCIETA' SAN PAOLO Via A.Severo, 58 - ROMA (RM) & PERIODICI SAN PAOLO SRL Via Giotto, 36 MILANO & CISF Via Giotto, 36 MILANO & EDIZIONI SAN PAOLO SRL,  Piazza Soncino, 5 CINISELLO BALSAMO (MI) -- ITALY